[Event "7th Gibtelecom Masters"]
[Site "Caleta ENG"]
[Date "2009.01.31"]
[Round "5"]
[White "Aerni,A"]
[Black "Pantaleoni,C"]
[Result "1-0"]
[WhiteElo "2102"]
[BlackElo "2211"]

1.d4 e6 2.Nf3 c5 3.e3 Nf6 4.c4 d5 5.Bd3 dxc4 6.Bxc4 a6 7.O-O Nbd7 8.Nc3 b5
9.Bb3 Bb7 10.Re1 Bd6 11.e4 cxd4 12.Nxd4 Qb8 13.Bxe6 fxe6 14.Nxe6 Kf7 15.Qb3 Kg6
16.f4 h6 17.Nd5 Kh7 18.Nxf6+ gxf6 19.Ng5+ hxg5 20.Qf7+ Kh6 21.fxg5+ fxg5
22.Rf1 Bxh2+ 23.Kh1 Bf4 24.Bxf4 gxf4 25.Rxf4 Qxf4 26.Qxf4+ Kg7+ 27.Kg1 Rh6
28.Qg4+ Kh8 29.Qxd7  1-0

[Event "14th HIT Open"]
[Site "Nova Gorica SLO"]
[Date "2009.01.31"]
[Round "2"]
[White "Saric,A"]
[Black "Gombac,Jan"]
[Result "1-0"]
[WhiteElo "2514"]
[BlackElo "2293"]

1.d4 d5 2.c4 dxc4 3.Nf3 Nf6 4.e3 e6 5.Bxc4 c5 6.Qe2 cxd4 7.exd4 Nc6 8.Nc3 Nxd4
9.Nxd4 Qxd4 10.O-O Be7 11.Nb5 Qd8 12.Bf4 O-O 13.Nc7 e5 14.Bxe5 Rb8 15.Rad1 Bd7
16.Nd5 Nxd5 17.Rxd5 b5 18.Bxb8 bxc4 19.Rfd1 Qxb8 20.Qxe7 Be8 21.Rd8 Qb5 22.Re1  1-0

[Event "7th Gibtelecom Masters"]
[Site "Caleta ENG"]
[Date "2009.02.01"]
[Round "6"]
[White "Gordon,S"]
[Black "Maryasin,B"]
[Result "1/2-1/2"]
[WhiteElo "2524"]
[BlackElo "2340"]

1.d4 d5 2.c4 dxc4 3.e3 Nf6 4.Bxc4 e6 5.Nf3 c5 6.O-O Nc6 7.Qe2 a6 8.Nc3 Qc7
9.d5 exd5 10.Nxd5 Nxd5 11.Bxd5 Bd6 12.Bd2 O-O 13.Bc3 Ne7 14.Be4 f5 15.Qc4+ Kh8
16.Ng5 Bxh2+ 17.Kh1 fxe4 18.Nf7+ Kg8 19.Nh6+ Kh8 20.Nf7+ Kg8 21.Nh6+ Kh8
22.Nf7+  1/2-1/2

[Event "7th Gibtelecom Masters"]
[Site "Caleta ENG"]
[Date "2009.02.01"]
[Round "6"]
[White "Van den Bersselaar,J"]
[Black "Lyons,B"]
[Result "1-0"]
[WhiteElo "2192"]
[BlackElo "2060"]

1.d4 d5 2.c4 e6 3.Nf3 dxc4 4.e3 Nf6 5.Bxc4 c5 6.O-O cxd4 7.exd4 Bd6 8.Nc3 a6
9.Re1 b5 10.Bb3 O-O 11.Bg5 Bb7 12.Qd3 Nc6 13.a3 Be7 14.Bc2 g6 15.Rad1 Nd5
16.Bh6 Nxc3 17.Qxc3 Re8 18.Be4 Rc8 19.d5 Bf6 20.dxc6 Bxc3 21.Rxd8 Rcxd8 22.bxc3 Bc8
23.Bg5 f5 24.Bc2 Rd6 25.Ne5 Kg7 26.h4 h6 27.Bxh6+ Kh7 28.Be3 Rd5 29.Bd4 a5
30.Rb1 Red8 31.Bb3 Rxd4 32.cxd4 Rxd4 33.Rd1 Rxd1+ 34.Bxd1 Kg7 35.Nd7 Kf7
36.Nb6 Ba6 37.c7 Ke7 38.c8=Q Bxc8 39.Nxc8+ Kd7 40.Na7 b4 41.axb4 axb4 42.Bb3 Kd6
43.Kf1 Ke5 44.Ke2 Kf6 45.Nc6 e5 46.Nxb4 g5 47.h5 g4 48.Nc6 f4 49.Bc2 Kg5
50.g3 Kxh5 51.Nxe5 fxg3 52.fxg3 Kg5 53.Ke3 Kh5 54.Kf4  1-0

[Event "14th HIT Open"]
[Site "Nova Gorica SLO"]
[Date "2009.02.04"]
[Round "6"]
[White "Martinovic,Sa"]
[Black "Simutowe,A"]
[Result "1/2-1/2"]
[WhiteElo "2427"]
[BlackElo "2485"]

1.d4 d5 2.c4 dxc4 3.e3 Nf6 4.Bxc4 e6 5.Nf3 c5 6.O-O a6 7.dxc5 Qxd1 8.Rxd1 Bxc5
9.Be2 Nc6 10.Nbd2 Ke7 11.b3 Rd8 12.Ne1 Nb4 13.Bb2 Bd7 14.a3 Nbd5 15.Nd3 Ba7
16.e4 Nc7 17.a4 Bc6 18.Rac1 Rac8 19.Nb4 Na8 20.e5 Nd5 21.Nxc6+ Rxc6 22.Rxc6 bxc6
23.Bxa6 Nac7 24.Ba3+ c5 25.Bf1 Nb4 26.Be2 Nc2 27.Bb2 Nd5 28.Ne4 Nd4 29.Bc4 Nb4
30.Kf1 f6 31.exf6+ gxf6 32.Nc3 Bb6 33.Re1 Nbc2 34.Re4 Kf7 35.Rh4 Kg6 36.Bd3+ f5
37.Ne2 Nb4 38.Bb1 Nxb3 39.Nf4+ Kg5 40.g3 Rd1+ 41.Kg2 Nd4 42.Rh5+ Kf6 43.Rh6+ Kg5
44.Rh5+ Kf6 45.Bxd4+ cxd4 46.Rh6+ Kf7 47.Rxe6 Bc7 48.Bxf5 d3 49.Re4 Bd6 50.Rd4 Ke7
51.Nxd3 Nc2 52.Rc4 Rd2 53.Kf1 h6 54.Nc5 Nd4 55.Ne4 Rd1+ 56.Kg2 Nxf5  1/2-1/2

[Event "TCh-BEL 2008-9"]
[Site "Belgium BEL"]
[Date "2009.02.15"]
[Round "9"]
[White "Goormachtigh,J"]
[Black "Maenhout,T"]
[Result "0-1"]
[WhiteElo "2242"]
[BlackElo "2232"]

1.d4 d5 2.c4 dxc4 3.Nf3 Nf6 4.e3 e6 5.Bxc4 c5 6.Qe2 Nc6 7.O-O a6 8.dxc5 Bxc5
9.e4 Ng4 10.e5 Nd4 11.Nxd4 Qxd4 12.Bb3 h5 13.Nd2 Qxe5 14.Qxe5 Nxe5 15.Ne4 Be7
16.Be3 Ng4 17.Bb6 Bd7 18.Rfd1 Bc6 19.Nd6+ Kf8 20.Nc4 Bd5 21.Rac1 Nf6 22.Bd4 Bd8
23.Ne3 Bc6 24.Bc5+ Be7 25.Bb6 h4 26.h3 Rh5 27.Rc2 Ne4 28.Rdc1 Bd6 29.f3 Nf6
30.Bc5 Bxc5 31.Rxc5 Rxc5 32.Rxc5 Rd8 33.Rc2 Nh5 34.Nc4 Rd5 35.Ne3 Rd4 36.Kf2 Nf4
37.Bc4 Nd3+ 38.Bxd3 Rxd3 39.Nc4 Rd5 40.Ne3 Rd4 41.Ke1 Ke7 42.Nc4 Kf6 43.Ne3 Ke5
44.Nd1 g5 45.Nc3 f5 46.Ne2 Rd3 47.Rc4 Bb5  0-1

[Event "It A"]
[Site "Nancy FRA"]
[Date "2009.02.17"]
[Round "2"]
[White "Meier,Geo"]
[Black "Edouard,R"]
[Result "1/2-1/2"]
[WhiteElo "2608"]
[BlackElo "2562"]

1.Nf3 d5 2.d4 Nf6 3.c4 dxc4 4.e3 e6 5.Bxc4 c5 6.O-O a6 7.dxc5 Qxd1 8.Rxd1 Bxc5
9.Be2 O-O 10.b3 Nc6 11.Bb2 Nd5 12.Nc3 Nxc3 13.Bxc3 Nb4 14.e4 b6 15.a3 Nc6
16.Ne5 Nxe5 17.Bxe5 f6 18.Bd6 Bxd6 19.Rxd6 b5 20.a4 bxa4 21.Rxa4 Kf7 22.Bxa6 Bxa6
23.Raxa6 Rfc8 24.g3 Rxa6 25.Rxa6 Rb8 26.Ra7+ Kg6 27.Ra3 Rb4 28.e5 fxe5 29.f3 Rd4
30.Ra5  1/2-1/2

[Event "It A"]
[Site "Nancy FRA"]
[Date "2009.02.18"]
[Round "4"]
[White "Harikrishna,P"]
[Black "Edouard,R"]
[Result "1/2-1/2"]
[WhiteElo "2673"]
[BlackElo "2562"]

1.d4 d5 2.c4 dxc4 3.Nf3 Nf6 4.e3 e6 5.Bxc4 c5 6.O-O a6 7.dxc5 Qxd1 8.Rxd1 Bxc5
9.Nbd2 O-O 10.Nb3 Be7 11.Be2 Nc6 12.Bd2 b6 13.Rac1 Bb7 14.Rc2 Rfc8 15.Rdc1 Kf8
16.a3 Nd8 17.Ne5 Rxc2 18.Rxc2 Rc8 19.Rxc8 Bxc8 20.Bc3 Bd6 21.Nc4 Bc7 22.Bb4+ Ke8
23.Nd6+ Bxd6 24.Bxd6 Kd7 25.Bf8 g6 26.Nd2 Kc7 27.Bg7 Nd7 28.Ne4 Bb7 29.Ng5 h5
30.h4 Kd6 31.Bc3 f6 32.Nh3 e5 33.f4 a5 34.b4 axb4 35.Bxb4+ Nc5 36.fxe5+ fxe5
37.Ng5 e4 38.a4 Bd5 39.Nh3 Be6 40.Nf4 Bf5 41.Bb5 Ne6 42.Nxe6 Bxe6 43.Be8 Bf5
44.Kf2 Kd5 45.Bf7+ Be6 46.Bxc5 Bxf7 47.Bxb6 Be8 48.a5 Bb5 49.Bd4 Ke6 50.Ke1 Ba6
51.Kd2 Kd5 52.Bb6 Bb5 53.Ke1 Ke6  1/2-1/2

[Event "It A"]
[Site "Nancy FRA"]
[Date "2009.02.20"]
[Round "7"]
[White "Feller,S"]
[Black "Edouard,R"]
[Result "1-0"]
[WhiteElo "2525"]
[BlackElo "2562"]

1.d4 d5 2.Nf3 Nf6 3.c4 dxc4 4.e3 e6 5.Bxc4 c5 6.O-O a6 7.Bb3 b5 8.a4 b4 9.e4 cxd4
10.e5 Ne4 11.Nbd2 Nc5 12.Nc4 Nxb3 13.Bg5 Qd5 14.Qxb3 Bb7 15.Rfd1 Nc6 16.Qc2 b3
17.Qe2 Rb8 18.Rac1 h6 19.Be3 Qe4 20.Ncd2 d3 21.Qf1 Qd5 22.Nc4 Nb4 23.Rc3 Qd8
24.Nd4 Be4 25.Rxb3 Bd5 26.Rc3 Na2 27.Qxd3 Nxc3 28.Qxc3 Bb4 29.Nd6+ Bxd6 30.exd6 Qxd6
31.Nf5 exf5 32.Qxg7 Ke7 33.Bc5 Qxc5 34.Qe5+ Kd7 35.Rxd5+ Qxd5 36.Qxd5+ Ke7
37.Qe5+ Kd7 38.Qxf5+ Ke7 39.g3 Rhd8 40.Qe5+ Kf8 41.Qh8+ Ke7 42.Qxh6 Rd6 43.Qg5+ Ke6
44.Qe3+ Kf6 45.Qf4+ Ke6 46.b3  1-0

[Event "It A"]
[Site "Nancy FRA"]
[Date "2009.02.22"]
[Round "9"]
[White "Tregubov,P"]
[Black "Edouard,R"]
[Result "1-0"]
[WhiteElo "2647"]
[BlackElo "2562"]

1.d4 d5 2.Nf3 Nf6 3.c4 dxc4 4.e3 e6 5.Bxc4 c5 6.O-O a6 7.Bb3 b5 8.a4 b4 9.Nbd2 Be7
10.e4 Bb7 11.e5 Nfd7 12.Nc4 O-O 13.Bc2 cxd4 14.Nxd4 Bd5 15.Qd3 g6 16.Rd1 Qc8
17.Ne3 Bb7 18.Ng4 Nc6 19.Nf3 Rd8 20.Qe2 h5 21.Nh6+ Kg7 22.Bf4 Rh8 23.Rac1 Nc5
24.Qe3 Qe8 25.Bb1 Rd8 26.Bg5 Rxd1+ 27.Rxd1 Nd7 28.Nxf7 Kxf7 29.Qe4 Nf8 30.Qf4+ Kg8
31.Bf6 Nd8 32.Bxh8 Kxh8 33.Be4 Bxe4 34.Qxe4 Qxa4 35.Rc1 Qd7 36.Qa8 g5 37.Qxa6 g4
38.Ne1 Nf7 39.Nd3 Kg7 40.Qc4 Ng6 41.Qe4 Ng5 42.Qe3 Qb7 43.Ra1 Qe4 44.Qxe4 Nxe4
45.Ra7 Kf8 46.Rb7 Ke8 47.Rb5 Kd7 48.Nxb4 Nc5 49.Nc2 Nxe5 50.b4 Ncd3 51.Rb7+ Kd6
52.Rb6+ Kd5 53.Ne3+ Ke4 54.b5 Nc5 55.Rb8 h4 56.Rg8 Kf4 57.Kf1 h3 58.gxh3 gxh3
59.Rh8 Nf3 60.Rxh3 Bh4 61.b6 e5 62.Kg2 e4 63.Kh1 Bxf2 64.Ng2+ Ke5 65.Rh7 Na6
66.Ra7 Nb4 67.Ra4 Nc6 68.b7 Bc5 69.Ra8 Bd6 70.Rc8 Nfd4 71.Ne3 Ke6 72.Nc2 e3
73.Nxe3 Kd7 74.Kg2 Ne6 75.Nc4 Bc7 76.h4 Ned8 77.h5 Ne7 78.Nb6+  1-0

[Event "10th EICC"]
[Site "Budva MNE"]
[Date "2009.03.10"]
[Round "5"]
[White "Vitiugov,N"]
[Black "Stevic,H"]
[Result "1/2-1/2"]
[WhiteElo "2687"]
[BlackElo "2592"]

1.d4 d5 2.Nf3 Nf6 3.c4 dxc4 4.e3 e6 5.Bxc4 c5 6.Qe2 a6 7.dxc5 Bxc5 8.O-O Nc6
9.e4 b5 10.e5 bxc4 11.exf6 Qd3 12.Qxd3 cxd3 13.fxg7 Rg8 14.Rd1 Bb7 15.Rxd3 Nb4
16.Rc3 Rd8 17.Nbd2 Nd3 18.Nb3 Bb4  1/2-1/2

[Event "10th EICC"]
[Site "Budva MNE"]
[Date "2009.03.12"]
[Round "7"]
[White "D'Costa,L"]
[Black "Stevic,H"]
[Result "1/2-1/2"]
[WhiteElo "2445"]
[BlackElo "2592"]

1.d4 d5 2.c4 dxc4 3.Nf3 Nf6 4.e3 e6 5.Bxc4 c5 6.O-O a6 7.Bb3 Be7 8.Nc3 O-O
9.Qe2 cxd4 10.exd4 Nc6 11.Rd1 Na5 12.Bc2 b5 13.Bg5 Bb7 14.d5 exd5 15.Nd4 Re8
16.Nf5 Bf8 17.Qf3 g6 18.Qg3 Qb6 19.Qh4 Re6 20.Nh6+ Bxh6 21.Bxh6 Qc6 22.Rd4 Nc4
23.Bg5 Nxb2 24.Bxf6 Rxf6 25.Nxd5 Re6 26.Be4 Kg7 27.h3 Qc5 28.Bf3 Rd6 29.Qf4 Nc4
30.Rxc4 bxc4 31.Qe5+ f6 32.Qe7+ Kh8 33.Qxb7 Rad8 34.Re1 R6d7 35.Qxa6 Rxd5
36.Qxf6+ Kg8 37.Bxd5+ Qxd5 38.Re7 Qd1+ 39.Kh2 Qd6+ 40.Qxd6 Rxd6 41.Rc7 Ra6
42.Rxc4 Rxa2 43.Kg3 Ra7 44.f4 Kg7 45.Kh4 h6 46.Rc6 Rf7 47.Kg4 Ra7 48.g3 h5+
49.Kh4 Ra4 50.g4 hxg4 51.hxg4 Rxf4 52.Kg5 Ra4 53.Rxg6+ Kh7 54.Re6 Kg7 55.Re7+ Kf8
56.Rb7 Ra6 57.Kh5 Kg8 58.g5 Rc6 59.g6 Rc1  1/2-1/2

[Event "10th EICC"]
[Site "Budva MNE"]
[Date "2009.03.14"]
[Round "8"]
[White "Doric,D"]
[Black "Bonte,An"]
[Result "1-0"]
[WhiteElo "2477"]
[BlackElo "2335"]

1.d4 d5 2.c4 dxc4 3.Nf3 Nf6 4.e3 e6 5.Bxc4 c5 6.O-O a6 7.Nc3 b5 8.Bb3 Bb7
9.e4 Nxe4 10.Nxe4 Bxe4 11.Re1 Bd5 12.dxc5 Bxb3 13.Qxb3 Bxc5 14.Qc3 Bf8 15.Bg5 b4
16.Qc2 Be7 17.Rad1 Nd7 18.Ne5 Bxg5 19.Nxd7 Qc8 20.Qa4 Qb7 21.Nb6+ Kf8 22.Nxa8 Qxa8
23.Qxb4+ Kg8 24.Rd7 g6 25.h4 Bf6 26.Qf4 Qc6 27.Rc7  1-0

[Event "10th EICC"]
[Site "Budva MNE"]
[Date "2009.03.16"]
[Round "10"]
[White "Fressinet,L"]
[Black "Stevic,H"]
[Result "0-1"]
[WhiteElo "2666"]
[BlackElo "2592"]

1.d4 d5 2.Nf3 Nf6 3.c4 dxc4 4.e3 e6 5.Bxc4 c5 6.O-O a6 7.Bb3 Be7 8.Nc3 O-O
9.Qe2 cxd4 10.Rd1 Nc6 11.Nxd4 Qc7 12.Nxc6 Qxc6 13.e4 b5 14.Bg5 h6 15.Bh4 Bb7
16.Rac1 Qe8 17.a3 Nxe4 18.Nxe4 Bxh4 19.Nd6 Qe7 20.Nxf7 Rae8 21.Nd6 Rxf2 22.Qxf2 Bxf2+
23.Kxf2 Rf8+ 24.Kg1 Bd5 25.Nc8 Qf6 26.Bxd5 exd5 27.b4 d4 28.h3 Kh7 29.Na7 d3  0-1

[Event "3rd Georgi Agzamov Mem"]
[Site "Tashkent AZE"]
[Date "2009.03.16"]
[Round "1"]
[White "Zhumabayev,R"]
[Black "Sukhov,M1"]
[Result "1-0"]
[WhiteElo "2520"]
[BlackElo "2128"]

1.Nf3 Nf6 2.d4 d5 3.c4 dxc4 4.e3 e6 5.Bxc4 c5 6.O-O a6 7.Bb3 Nc6 8.Qe2 Qc7
9.Rd1 Bd6 10.Nc3 O-O 11.Bd2 b6 12.Rac1 Bb7 13.dxc5 bxc5 14.h3 Rfd8 15.Be1 Na5
16.Bc2 c4 17.Na4 Bc6 18.Nd4 Bb5 19.b4 Nc6 20.Nxc6 Qxc6 21.Nc3 Qc7 22.Kh1 Bc6
23.a3 Qb7 24.f3 Rac8 25.Rd4 Bd5 26.e4 Be5 27.Rdd1 Nh5 28.Nxd5 exd5 29.exd5 Bb8
30.Bf5 Qc7 31.d6 Rxd6 32.Bxc8 Re6 33.Rd8+ Qxd8 34.Bxe6 Qd6 35.Bxf7+ Kxf7
36.Qxc4+ Ke8 37.Qc6+  1-0

[Event "10th EICC Qualification Playoff"]
[Site "Budva MNE"]
[Date "2009.03.18"]
[Round "1.1"]
[White "Sakaev,K"]
[Black "Stevic,H"]
[Result "1-0"]
[WhiteElo "2619"]
[BlackElo "2592"]

1.d4 d5 2.Nf3 Nf6 3.c4 dxc4 4.e3 e6 5.Bxc4 c5 6.O-O a6 7.dxc5 Qxd1 8.Rxd1 Bxc5
9.Be2 Nbd7 10.Nbd2 b6 11.Nc4 Bb7 12.Nd4 Bd5 13.Nb3 Be7 14.Bd2 O-O 15.f3 Rfc8
16.Rac1 e5 17.e4 Be6 18.Be3 a5 19.Nd6 Rxc1 20.Nxc1 h6 21.Bb5 Rd8 22.Nf5 Bf8
23.a3 Rc8 24.Nd3 Kh7 25.g4 g6 26.Ng3 Bb3 27.Rd2 Bc4 28.Bxc4 Rxc4 29.Kf2 Kg7
30.Ke2 Be7 31.Nf1 Rc6 32.Bf2 h5 33.g5 Nh7 34.h4 Nhf8 35.Ne3 Ne6 36.Nd5 Bd8
37.Kd1 f6 38.gxf6+ Bxf6 39.b4 g5 40.b5 Rc8 41.a4 Bd8 42.Bg3 gxh4 43.Bh2 Bg5
44.Rg2 Kh6 45.Bg1 Nf4 46.N3xf4 Bxf4 47.Nxf4 exf4 48.Bh2 Rf8 49.Rd2 Ne5 50.Rd6+ Kg5
51.Rd5 Re8 52.Ke2 h3 53.Bg1 Kf6 54.Bh2 Rg8 55.Bxf4 Rg2+ 56.Ke3 Ng6 57.Bc7 h4
58.Rd6+ Kf7 59.Rd2 Rg3 60.Rh2 Rg1 61.Rxh3 Ra1 62.Bxb6 Rxa4 63.Bc7 Ra3+ 64.Kd4 a4
65.b6 Rb3 66.Rh1 Ke8 67.Ra1 Kd7 68.Rxa4 Rxf3 69.Ra8 Kc6 70.Rg8 Nf8 71.Rh8 h3
72.Rh6+ Kb7 73.e5 h2 74.Rxh2 Ne6+ 75.Kd5 Nxc7+ 76.bxc7 Kxc7 77.Ke6 Re3 78.Rd2 Rh3
79.Rf2 Re3 80.Rd2 Rh3 81.Kf7 Rh7+ 82.Kg6 Rh1 83.e6 Rg1+ 84.Kf7 Rf1+ 85.Ke7 Rh1
86.Rc2+ Kb7 87.Rc4 Rh2 88.Ke8 Rh8+ 89.Kd7 Rh1 90.Rb4+ Ka6 91.e7 Rd1+ 92.Ke6 Re1+
93.Kd6 Ka7 94.Rb5  1-0

[Event "Copa Ajedrez Plus"]
[Site "Ramos Mejia ARG"]
[Date "2009.03.19"]
[Round "8"]
[White "Goldwaser,C"]
[Black "Shcherbine,A"]
[Result "1/2-1/2"]
[WhiteElo "2356"]
[BlackElo "2171"]

1.Nf3 d5 2.d4 Nf6 3.c4 dxc4 4.e3 e6 5.Bxc4 c5 6.O-O Nc6 7.Nc3 cxd4 8.exd4 Be7
9.Re1 O-O 10.Bg5 Nb4 11.Ne5 Nfd5 12.Nxd5 Nxd5 13.Bxd5 Bxg5 14.Be4 f6 15.Nf3 Bh6
16.d5 Qb6 17.Bc2  1/2-1/2

[Event "TCh-AUT 1st Bundesliga 2008-9"]
[Site "Ansfelden AUT"]
[Date "2009.03.22"]
[Round "11"]
[White "Nanu,C"]
[Black "Schlosser,P"]
[Result "1/2-1/2"]
[WhiteElo "2506"]
[BlackElo "2570"]

1.d4 d5 2.Nf3 Nf6 3.c4 dxc4 4.e3 e6 5.Bxc4 c5 6.O-O a6 7.dxc5 Bxc5 8.Qxd8+ Kxd8
9.Nbd2 Ke7 10.b3 Nbd7 11.Bb2 b6 12.Rac1  1/2-1/2

[Event "Spring Open"]
[Site "Belgrade SRB"]
[Date "2009.03.30"]
[Round "8"]
[White "Ostojic,N1"]
[Black "Marinovic,B"]
[Result "1/2-1/2"]
[WhiteElo "2388"]
[BlackElo "2395"]

1.d4 d5 2.c4 e6 3.Nf3 dxc4 4.e3 c5 5.Bxc4 Nf6 6.O-O a6 7.dxc5 Bxc5 8.Qxd8+ Kxd8
9.b3 Ke7 10.Bb2 Nbd7 11.Be2 b6 12.Nbd2 Bb7 13.Ne1 b5 14.a4 bxa4 15.Rxa4 Nb6
16.Ra2 Rhd8 17.Nd3 Bd6 18.Rfa1 Nfd7 19.Bf3 Bxf3 20.Nxf3 f6 21.Rxa6 Rxa6 22.Rxa6 e5
23.Nde1 Rb8 24.Kf1 Nc5 25.Ra7+ Nbd7 26.Nd2 Nxb3 27.Nxb3 Rxb3 28.Ra2  1/2-1/2

[Event "Arnold Eikrem Memorial"]
[Site "Oslo NOR"]
[Date "2009.04.04"]
[Round "1"]
[White "Kveinys,A"]
[Black "Moen,A"]
[Result "1-0"]
[WhiteElo "2534"]
[BlackElo "2353"]

1.d4 d5 2.Nf3 Nf6 3.c4 dxc4 4.e3 e6 5.Bxc4 c5 6.O-O a6 7.dxc5 Qxd1 8.Rxd1 Bxc5
9.Be2 Nc6 10.Nbd2 Ke7 11.b3 Bd7 12.Bb2 Rhc8 13.Ng5 Nb4 14.Nde4 Nxe4 15.Nxe4 f6
16.Bf3 Rab8 17.Nxc5 Rxc5 18.Ba3 a5 19.Rd4 Rb5 20.Rad1 Be8 21.Rc1 e5 22.Rc7+ Kf8
23.Rd2 b6 24.Rd6 Rc5 25.Rxb6 Rxc7 26.Rxb8 Kf7 27.h3 f5 28.Be2 Bd7 29.Bc4+ Be6
30.Bxb4  1-0

[Event "47th Doeberl Cup Premier"]
[Site "Canberra AUS"]
[Date "2009.04.10"]
[Round "4"]
[White "Goundar,S"]
[Black "Zvedeniouk,I"]
[Result "0-1"]
[WhiteElo "1903"]
[BlackElo "2100"]

1.d4 d5 2.c4 dxc4 3.Nf3 Nf6 4.e3 e6 5.Bxc4 c5 6.O-O Nc6 7.Nc3 Be7 8.dxc5 Qa5
9.Qe2 Qxc5 10.e4 e5 11.h3 O-O 12.Bg5 h6 13.Bh4 Nh5 14.Bxe7 Nxe7 15.Rfd1 Bxh3
16.gxh3 Nf4 17.Qf1 Rac8 18.Bb3 Rc6 19.Kh1 Kh8 20.Rd7 f5 21.Nd5 Neg6 22.exf5 Rxf5
23.Ne3 Rh5 24.Rd8+ Nf8 25.h4 e4 26.Nh2 Rxh4 27.Ng2 Rxh2+ 28.Kxh2 Qh5+ 29.Kg1 Nh3+
30.Kh2 Ng5+ 31.Kg3 Qf3+  0-1

[Event "16th TCh-RUS HL"]
[Site "Dagomys RUS"]
[Date "2009.04.10"]
[Round "9"]
[White "Dyachkov,S"]
[Black "Arslanov,S"]
[Result "1/2-1/2"]
[WhiteElo "2568"]
[BlackElo "2365"]

1.d4 d5 2.c4 dxc4 3.Nf3 Nf6 4.e3 e6 5.Bxc4 c5 6.O-O a6 7.Bb3 Be7 8.Qe2 cxd4
9.exd4 Nc6 10.Rd1 Na5 11.Bc2 b5 12.Nc3 Bb7 13.Bg5 O-O 14.Ne5 Nd5 15.Bxe7 Qxe7
16.Ne4 Nc6 17.Nc5 Nxe5 18.Qxe5 Nf6 19.Rd3 Rad8 20.Rad1 Rd5 21.Qe3 Rfd8  1/2-1/2

[Event "Sydney International Open"]
[Site "Parramatta AUS"]
[Date "2009.04.15"]
[Round "2"]
[White "Selnes,H"]
[Black "Charles,Ga"]
[Result "0-1"]
[WhiteElo "1921"]
[BlackElo "2160"]

1.d4 d5 2.c4 dxc4 3.e3 Nf6 4.Bxc4 e6 5.Nf3 c5 6.O-O a6 7.Bb3 b5 8.a4 b4 9.Nbd2 Bb7
10.Nc4 Nbd7 11.Qe2 Be7 12.Rd1 Qc7 13.Bd2 O-O 14.Rac1 Rac8 15.Nce5 Qb6 16.Nc4 Qa7
17.Nfe5 cxd4 18.Nxd7 Nxd7 19.exd4 Bd5 20.Qd3 Nf6 21.f3 e5 22.Be3 e4 23.fxe4 Bxe4
24.Qd2 Bd5 25.Bf4 Rfd8 26.Be5 Nd7 27.Bg3 Nb8 28.Bxb8 Qxb8 29.Qd3 Bf6 30.Rf1 Be6
31.Rxf6 gxf6 32.Rf1 Qc7 33.Bc2 Qxc4 34.Qxh7+ Kf8 35.Qh8+ Ke7 36.Qxf6+ Ke8  0-1

[Event "TCh-HUN 2008-9"]
[Site "Budapest HUN"]
[Date "2009.04.18"]
[Round "11"]
[White "Horvath,Cs1"]
[Black "Peter,Am"]
[Result "1-0"]
[WhiteElo "2529"]
[BlackElo "2401"]

1.d4 d5 2.Nf3 Nf6 3.c4 dxc4 4.e3 e6 5.Bxc4 c5 6.Qe2 cxd4 7.exd4 Nc6 8.O-O Be7
9.Nc3 O-O 10.Rd1 Nb4 11.Ne5 Bd7 12.Bg5 Be8 13.Bb3 Rc8 14.Qf3 Bc6 15.Nxc6 bxc6
16.Rac1 Nbd5 17.Na4 Nd7 18.Bd2 Bd6 19.g3 Qf6 20.Qxf6 N7xf6 21.Rc4 Ne4 22.Ba5 Be7
23.Rdc1 Bg5 24.R1c2 Ne7 25.Bb4 Rfd8 26.Nc3 Nd6 27.Bxd6 Rxd6 28.Ne4 Rd5 29.Ra4  1-0

[Event "7th V.Nabokov Mem"]
[Site "Kyiv UKR"]
[Date "2009.04.18"]
[Round "6"]
[White "Hamitevici,V"]
[Black "Soltanici,R"]
[Result "1/2-1/2"]
[WhiteElo "2407"]
[BlackElo "2401"]

1.d4 d5 2.c4 dxc4 3.Nf3 Nf6 4.e3 e6 5.Bxc4 c5 6.O-O a6 7.Nc3 b5 8.Bb3 Bb7
9.Qe2 cxd4 10.exd4 Be7 11.Bg5 O-O 12.Rad1 Nc6 13.Rfe1 Nd5 14.Bxd5 Bxg5 15.Nxg5 Qxg5
16.Bf3 Rad8 17.d5 exd5 18.Nxd5 Nd4  1/2-1/2

[Event "ch-MGL"]
[Site "Ulan Bator MGL"]
[Date "2009.04.19"]
[Round "13"]
[White "Tserendorj,B"]
[Black "Batjancan,P"]
[Result "1/2-1/2"]
[WhiteElo "2068"]
[BlackElo "2136"]

1.d4 d5 2.Nf3 Nf6 3.c4 dxc4 4.e3 e6 5.Bxc4 c5 6.O-O Nc6 7.Nc3 cxd4 8.exd4 Be7
9.Bg5 O-O 10.Qd2 b6 11.Rad1 Bb7 12.Qf4 Nb4 13.d5 Nfxd5 14.Bxe7 Nxf4 15.Rxd8 Rfxd8
16.Bxb4 Bxf3 17.gxf3 Rd4 18.b3 a6 19.a4 Rc8 20.Bxa6 Rxb4 21.Bxc8 Rxb3 22.Ne4 g6
23.Ba6 Rxf3 24.Rb1 Ra3 25.Bb5 Kg7 26.Nd6 Ra2 27.Nc4 Nd5 28.Bc6 Nc3 29.Rb4 Rc2
30.Bf3 Nxa4 31.Nxb6 Nxb6 32.Rxb6 Rc4 33.Kg2 Rc7 34.Rb7 Rxb7 35.Bxb7 f5 36.f4 Kf6
37.Kf3  1/2-1/2

[Event "zt 3.5 Men"]
[Site "Beijing CHN"]
[Date "2009.04.20"]
[Round "4"]
[White "Zhou Jianchao"]
[Black "Wen Yang"]
[Result "1-0"]
[WhiteElo "2635"]
[BlackElo "2532"]

1.Nf3 d5 2.d4 Nf6 3.c4 dxc4 4.e3 e6 5.Bxc4 c5 6.O-O a6 7.dxc5 Qxd1 8.Rxd1 Bxc5
9.Nfd2 Ke7 10.Nb3 Bd6 11.Be2 Rd8 12.Na3 Nc6 13.Nc4 Bc7 14.Bd2 b6 15.a4 Rb8
16.Bc3 Bb7 17.Rxd8 Kxd8 18.a5 b5 19.Nb6 Bxb6 20.axb6 Bc8 21.Bf3 Rxb6 22.Rd1+ Ke7
23.Na5 Nd5 24.Nxc6+ Rxc6 25.Bxg7 Rc5 26.Bd4 Rc7 27.g4 f6 28.e4 Nf4 29.e5 f5
30.Be3 Ng6 31.Bg5+ Kf7 32.gxf5 exf5 33.Bf6 Nf4 34.h4 Rc2 35.Kh2 Be6 36.Kg3 Ne2+
37.Bxe2 Rxe2 38.Ra1 f4+ 39.Kf3 Rxb2 40.Rxa6 Bd5+ 41.Kxf4 Rxf2+ 42.Ke3 Rf3+
43.Kd4 Bc4 44.Ra7+ Kg6 45.Rg7+ Kh6 46.Ke4 Rh3 47.Rb7 Kg6 48.Bg5 Rh1 49.Rb6+ Kf7
50.Rb7+ Kg6 51.Rb6+ Kf7 52.Rf6+ Kg7 53.Rh6 Bf7 54.Rd6 Re1+ 55.Kf5 Rf1+ 56.Kg4 Bg6
57.e6 Rf8 58.e7 Rf1 59.Rd8 Re1 60.h5  1-0

[Event "2nd Mayors Cup"]
[Site "Mumbai IND"]
[Date "2009.05.02"]
[Round "2"]
[White "Swati,M"]
[Black "Murali Krishnan,B"]
[Result "1/2-1/2"]
[WhiteElo "2096"]
[BlackElo "2427"]

1.d4 d5 2.c4 dxc4 3.Nf3 Nf6 4.e3 e6 5.Bxc4 c5 6.O-O a6 7.dxc5 Bxc5 8.Qxd8+ Kxd8
9.Nbd2 Nc6 10.b3 Ke7 11.Bb2 Rd8 12.Rfd1 b6 13.Be2 Bb7 14.Ne5 Nb4 15.a3 Nc6
16.b4 Nxe5 17.Bxe5 Bd6 18.Bd4 b5 19.Bf3 Bxf3 20.Nxf3 Rdc8 21.Rac1 Ne8 22.Bb2 f6
23.Kf1 Rxc1 24.Rxc1 Kd7 25.Ke2 Nc7 26.Nd4 Nd5 27.Nb3 Nb6 28.Na5 e5  1/2-1/2

[Event "ch-LTU"]
[Site "Vilnius LTU"]
[Date "2009.05.02"]
[Round "1"]
[White "Beinoras,M"]
[Black "Zickus,S"]
[Result "1/2-1/2"]
[WhiteElo "2422"]
[BlackElo "2307"]

1.d4 d5 2.c4 dxc4 3.Nf3 Nf6 4.e3 e6 5.Bxc4 c5 6.O-O a6 7.Bb3 b5 8.a4 b4 9.Qe2 Bb7
10.Rd1 Nbd7 11.a5 cxd4 12.exd4 Be7 13.Bf4 O-O 14.Nbd2 Nd5 15.Bg3 N7f6 16.Ne5 g6
17.Nd3 Rc8 18.Bc4 Nc7 19.Nc5 Bd5 20.Bd3 Bd6 21.Nc4 Bxg3 22.hxg3 Nb5 23.Qe3 Nxd4
24.Qxd4 Bxc4 25.Qxc4 Qe7 26.Qxb4 Rxc5 27.Bxa6 Nd5 28.Qd2 Rb8 29.Be2 Nb4 30.Qd7 Qg5
31.a6 Nxa6 32.Bxa6 Rxb2 33.Qd8+ Qxd8 34.Rxd8+ Kg7 35.Bd3 Rd2 36.Rd7 Rc3 37.Bb5 Rxd7
38.Bxd7 h5 39.Ra7 Rc1+ 40.Kh2 Kf8 41.f4 Rd1 42.Bc6 Rc1 43.Bf3 Rc4 44.Kg1 Kg7
45.Kf2 Kf6 46.Ke3 Rb4 47.Bc6 Rb3+ 48.Kf2 Rb8 49.Rb7 Rc8 50.Ba4 Ra8 51.Bb5 Rd8
52.g4 hxg4 53.Kg3 Kg7 54.Kxg4 Kf6 55.Kf3 Ra8 56.g4 g5 57.fxg5+ Kxg5 58.Rxf7 Ra3+
59.Ke4 Kxg4 60.Rg7+ Kh5 61.Be8+ Kh6 62.Rg1 Ra5 63.Bf7 Rg5 64.Rh1+ Kg7 65.Bxe6 Kf6
66.Kf4 Rg7 67.Bf5 Ke7 68.Rd1 Kf6 69.Rd6+ Ke7 70.Ke5 Kf8 71.Be6 Ke7 72.Rc6 Rg5+
73.Bf5 Rg7 74.Bg6 Kf8 75.Rf6+ Ke7 76.Ra6 Kf8 77.Ra8+ Ke7 78.Kf5 Kd6 79.Rd8+ Rd7
80.Ra8 Re7 81.Ra6+ Kd5 82.Kf6 Re1 83.Bf7+ Kd4 84.Rc6 Re3 85.Rd6+ Kc3 86.Be6 Re2
87.Kf5 Kb4 88.Rc6 Re3 89.Bd5 Rc3 90.Rh6 Re3 91.Be4 Re2 92.Ke5 Rd2 93.Rh3 Rd1
94.Bd5 Re1+ 95.Kd6 Rb1 96.Rd3 Rb2 97.Rd4+ Kc3 98.Ke5 Re2+ 99.Be4 Rd2 100.Ra4 Kb3
101.Ra8 Kb4 102.Bd5 Kc3 103.Rc8+ Kb2 104.Rb8+ Kc3 105.Rb3+ Kc2 106.Rf3 Kb2
107.Ke4 Rc2 108.Rb3+ Kc1 109.Ke3 Rh2 110.Rb4 Rh3+ 111.Kd4 Rh2 112.Be4 Rb2
113.Rc4+ Kd2 114.Bd3 Ra2  1/2-1/2

[Event "2nd Mayors Cup"]
[Site "Mumbai IND"]
[Date "2009.05.05"]
[Round "6"]
[White "Tejas,R"]
[Black "Murali Krishnan,B"]
[Result "1/2-1/2"]
[WhiteElo "2177"]
[BlackElo "2427"]

1.Nf3 d5 2.d4 Nf6 3.c4 dxc4 4.e3 e6 5.Bxc4 c5 6.O-O a6 7.Bb3 Nc6 8.Nc3 Be7
9.Qe2 Na5 10.Bc2 cxd4 11.Rd1 O-O 12.exd4 b5 13.Bg5 Bb7 14.Rac1 Nc4 15.b3 Nb6
16.Ne5 Rc8 17.Bb1 Nbd5 18.Ne4 Rxc1 19.Rxc1 Nxe4 20.Bxe7 Qxe7 21.Bxe4 Qg5
22.Rc2 Nf4 23.Qf3 Bxe4 24.Qxe4 Nd5 25.h3 g6 26.Nd7 Rd8 27.Nc5 Nf4 28.h4 Qxh4
29.g3 Nh3+ 30.Kg2 Qh5 31.Nxe6 Re8 32.Nf4 Nxf4+ 33.Qxf4 Re1 34.Qh4 Qd1 35.Rc8+ Kg7
36.Qd8 Rg1+ 37.Kh2 Rh1+ 38.Kg2 Qf1+ 39.Kf3 Qd3+ 40.Kg2 Qf1+ 41.Kf3  1/2-1/2